Breves apuntes sobre las cuestiones más importantes de la isla de Cuba / (Record no. 53736)
[ view plain ]
| 000 -LEADER | |
|---|---|
| campo de control de longitud fija | 01033nam a2200265 i 4500 |
| 001 - NÚMERO DE CONTROL | |
| campo de control | 53736 |
| 003 - IDENTIFICADOR DE NÚMERO DE CONTROL | |
| campo de control | ES-MaACL |
| 005 - FECHA Y HORA DE LA ÚLTIMA TRANSACCIÓN | |
| campo de control | 20250830233416.0 |
| 007 - CAMPO FIJO DE DESCRIPCIÓN FÍSICA--INFORMACIÓN GENERAL | |
| campo de control de longitud fija | t| |
| 008 - DATOS DE LONGITUD FIJA--INFORMACIÓN GENERAL | |
| campo de control de longitud fija | 960704s1866 sp ||||1| spa d |
| 080 ## - NÚMERO DE LA CLASIFICACIÓN DECIMAL UNIVERSAL | |
| Número de la Clasificación Decimal Universal | 326(729.1) |
| 080 ## - NÚMERO DE LA CLASIFICACIÓN DECIMAL UNIVERSAL | |
| Número de la Clasificación Decimal Universal | 329(729.1) |
| 080 ## - NÚMERO DE LA CLASIFICACIÓN DECIMAL UNIVERSAL | |
| Número de la Clasificación Decimal Universal | 327(73:729.1) |
| 080 ## - NÚMERO DE LA CLASIFICACIÓN DECIMAL UNIVERSAL | |
| Número de la Clasificación Decimal Universal | 327(729.1:73) |
| 100 1# - ENTRADA PRINCIPAL--NOMBRE DE PERSONA | |
| Nombre de persona | Fernández Golfín, Luis, |
| Fechas asociadas al nombre | 1828-1897 |
| 9 (RLIN) | 49819 |
| 245 10 - MENCIÓN DEL TÍTULO | |
| Título | Breves apuntes sobre las cuestiones más importantes de la isla de Cuba / |
| Mención de responsabilidad, etc. | por el coronel de Caballería, teniente coronel del Cuerpo de E.M. del Ejército D. Luis Fernández Golfín. |
| 260 ## - PUBLICACIÓN, DISTRIBUCIÓN, ETC. | |
| Lugar de publicación, distribución, etc. | Barcelona : |
| Nombre del editor, distribuidor, etc. | [s.n.], |
| Fecha de publicación, distribución, etc. | 1866 ( |
| Fabricante | Estab. tip. del Lloyd español) |
| 300 ## - DESCRIPCIÓN FÍSICA | |
| Extensión | [8], 159 p. ; |
| Dimensiones | 20 cm. |
| 650 #4 - PUNTO DE ACCESO ADICIONAL DE MATERIA--TÉRMINO DE MATERIA | |
| Término de materia o nombre geográfico como elemento de entrada | Esclavitud- |
| Subdivisión geográfica | Cuba. |
| 9 (RLIN) | 138905 |
| 650 #4 - PUNTO DE ACCESO ADICIONAL DE MATERIA--TÉRMINO DE MATERIA | |
| Término de materia o nombre geográfico como elemento de entrada | Partidos políticos- |
| Subdivisión geográfica | Cuba. |
| 9 (RLIN) | 164315 |
| 651 #4 - PUNTO DE ACCESO ADICIONAL DE MATERIA--NOMBRE GEOGRÁFICO | |
| Nombre geográfico | Estados Unidos- |
| Subdivisión general | Relaciones- |
| Subdivisión geográfica | Cuba |
| 9 (RLIN) | 8562 |
| 651 #4 - PUNTO DE ACCESO ADICIONAL DE MATERIA--NOMBRE GEOGRÁFICO | |
| Nombre geográfico | Cuba- |
| Subdivisión general | Relaciones- |
| Subdivisión geográfica | Estados Unidos. |
| 9 (RLIN) | 8115 |
| 852 4# - LOCALIZACIÓN | |
| Ubicación | ES-MaACL |
| Número de control de estantería | T-616-F-1 |
| Nota libre | - Ded. autógrafa del autor a Eugenio Alonso y Sanjurjo |
| Estatus retirado | Estado de pérdida | Estado de daño | No para préstamo | Colección | Biblioteca de origen | Biblioteca actual | Ubicación en estantería | Fecha de adquisición | Fuente de adquisición | Total de préstamos | Signatura topográfica completa | Código de barras | Visto por última vez | Precio de reemplazo | Tipo de ítem Koha |
|---|---|---|---|---|---|---|---|---|---|---|---|---|---|---|---|
| Colección de folletos | Biblioteca del Ateneo de Madrid | Biblioteca del Ateneo de Madrid | Depósito folletos | 17/01/2008 | T-616-F-1 | 1056465 | 23/02/2023 | 23/02/2023 | Folleto |
